[Event "Essent Open"]
[Site "Hoogeveen NED"]
[Date "2001.10.17"]
[Round "6"]
[White "Hendriks,R"]
[Black "Wuts,F"]
[Result "0-1"]
[WhiteElo "2113"]
[BlackElo "2297"]

1.e4 d6 2.d4 Nf6 3.Nc3 c6 4.f4 Qa5 5.Bd3 e5 6.Nf3 Bg4 7.Be3 d5 8.Bd2 Bb4
9.fxe5 dxe4 10.Nxe4 Bxf3 11.gxf3 Nxe4 12.Bxe4 Qb6 13.c3 Be7 14.Qc2 Bh4+ 15.Ke2 Nd7
16.Bf4 O-O-O 17.Qb3 Qa6+ 18.Bd3 Qa5 19.Bg3 Bxg3 20.hxg3 Nxe5 21.Be4 Nd7 22.Qxf7 Qb5+
23.Ke3 Rhf8 24.Qb3 Qg5+ 25.Ke2 Nc5 26.Qc4 Nxe4 27.fxe4 Qg4+ 28.Kd3 Rf3+ 29.Kc2 Qxe4+
30.Kb3 Rxd4 31.Qg8+ Kc7 32.Rxh7 Rb4+ 33.Ka3 Ra4+ 34.Kb3 Qb4+ 35.Kc2 Rf2+
36.Kb1 Qxb2+  0-1

[Event "TCh-BEL 2001-2"]
[Site "Belgium BEL"]
[Date "2001.10.18"]
[Round "2"]
[White "Schalkx,J"]
[Black "Krijgelmans,J"]
[Result "1/2-1/2"]
[WhiteElo "2223"]
[BlackElo "2181"]

1.e4 d6 2.d4 Nf6 3.Nc3 Nbd7 4.Nf3 e5 5.Bc4 Be7 6.O-O O-O 7.Qe2 c6 8.a4 Qc7
9.h3 h6 10.Ba2 Rb8 11.Rd1 a6 12.Nh4 b5 13.Nf5 Nb6 14.a5 Na8 15.dxe5 dxe5
16.Qf3 Bxf5 17.Qxf5 Kh8 18.f4 b4 19.Ne2 Rb5 20.fxe5 Rxe5 21.Qf3 Qxa5 22.Bf4 Rxe4
23.Ng3 Qb6+ 24.Kh2 Rd4 25.Nf5 Rxd1 26.Rxd1 Bd8 27.Nd6 Bc7 28.Bxh6 Qb8 29.Bf4 Nd5
30.Qh5+ Kg8 31.Bxd5 cxd5 32.Qxd5 Nb6 33.Qc5 Nc8 34.g3 Nxd6 35.Bxd6 Bxd6 36.Qxd6 Qxd6
37.Rxd6 Rc8 38.c3 bxc3 39.bxc3 Rxc3  1/2-1/2

[Event "Essent Open"]
[Site "Hoogeveen NED"]
[Date "2001.10.18"]
[Round "7"]
[White "Roberts,P"]
[Black "Ellenbroek,T"]
[Result "1-0"]
[WhiteElo "2155"]
[BlackElo "2117"]

1.d4 d6 2.e4 Nf6 3.Nc3 e5 4.Nf3 Nbd7 5.Bc4 Be7 6.O-O O-O 7.a4 c6 8.Re1 b6
9.Qe2 a6 10.Bg5 h6 11.Bh4 Nh5 12.Bg3 Nxg3 13.hxg3 Qc7 14.Rad1 exd4 15.Nxd4 Ne5
16.Nf5 Bxf5 17.exf5 Nxc4 18.Qxe7 Qxe7 19.Rxe7 d5 20.b3 Nd6 21.g4 Rfe8 22.Rd7 Red8
23.Re7 Re8 24.Rd7 Red8 25.Re7 Kf8 26.Rc7 Rdc8 27.Rd7 Ne8 28.Re1 Nf6 29.Rb7 d4
30.Ree7 dxc3 31.Rxf7+ Kg8 32.Rxg7+ Kh8 33.Rg6 Ng8 34.f6 Rab8 35.Rxb8 Rxb8
36.f7 Ne7 37.Re6 Kg7 38.Rxe7 Rd8 39.Re3 Rd1+ 40.Kh2 c5 41.Rxc3 a5 42.Rf3 Kf8
43.c4  1-0

[Event "World Teams"]
[Site "Yerevan ARM"]
[Date "2001.10.18"]
[Round "7"]
[White "Niknaddaf,A"]
[Black "Varga,Zo"]
[Result "0-1"]
[WhiteElo "2262"]
[BlackElo "2506"]

1.e4 d6 2.d4 Nf6 3.Nc3 Nbd7 4.f4 e5 5.Nf3 exd4 6.Qxd4 c6 7.Be3 d5 8.e5 Ng4
9.Qd2 Nxe3 10.Qxe3 Qb6 11.Qxb6 axb6 12.Bd3 Bb4 13.Kd2 O-O 14.a3 Be7 15.f5 b5
16.g4 Re8 17.h4 Bd8 18.Rae1 Bc7 19.e6 fxe6 20.Rxe6 Rxe6 21.fxe6 Nc5 22.Re1 Bf4+
23.Kd1 Bxe6 24.Bf5 Bxf5 25.gxf5 h6 26.h5 Kf7 27.Nd4 Bg3 28.Rf1 Be5 29.Nde2 Na4
30.Nxa4 Rxa4 31.c3 Rh4 32.Nc1 Rxh5 33.Nd3 Bd6 34.f6 g6 35.Kc2 Rf5 36.Rh1 h5
37.Kd2 Rxf6 38.Ke3 Kg7 39.Kd4 Kh6 40.b4 Re6 41.Nc5 Bxc5+ 42.Kxc5 g5  0-1

[Event "TCh-SLO"]
[Site "Bled SLO"]
[Date "2001.10.19"]
[Round "2"]
[White "Zaja,I"]
[Black "Grosar,A"]
[Result "1/2-1/2"]
[WhiteElo "2476"]
[BlackElo "2442"]

1.d4 d6 2.e4 Nf6 3.Nc3 e5 4.dxe5 dxe5 5.Qxd8+ Kxd8 6.Bc4 Be6 7.Bxe6 fxe6
8.Nf3 Bd6 9.Be3 Nc6 10.a3 a6 11.h3 Ke7 12.Nd2 b5 13.Ne2 a5 14.c4 bxc4 15.Rc1 Rhb8
16.Rxc4 Ra6 17.Rc2 a4 18.f3 Na5 19.O-O h6 20.Nc1 Nd7 21.Nd3 c5 22.Rfc1 Rb5
23.Kf1 Rc6 24.Nc4 Nxc4 25.Rxc4 Rb3 26.R1c3 Nb6 27.Rxa4 Nxa4 28.Rxb3 c4 29.Rb7+ Rc7
30.Rxc7+ Bxc7 31.Nb4 Nxb2 32.Ke2 Bd6 33.Kd2 Na4 34.Kc2 Kd7 35.Bd2 Bc5 36.Bc3  1/2-1/2

[Event "TCh-ESP"]
[Site "Cala Galdana ESP"]
[Date "2001.10.19"]
[Round "7"]
[White "Reinaldo Castineira,R"]
[Black "Teran Alvarez,I"]
[Result "1/2-1/2"]
[WhiteElo "2383"]
[BlackElo "2396"]

1.e4 d6 2.d4 Nf6 3.Nc3 e5 4.Nf3 Nbd7 5.Bc4 Be7 6.O-O O-O 7.Qe2 exd4 8.Nxd4 Ne5
9.Bb3 c5 10.Nf5 Bxf5 11.exf5 Re8 12.Bd5 Qd7 13.f4 Nc6 14.g4 Nxd5 15.Nxd5 Nb4
16.Qg2 Nxd5 17.Qxd5 Qc6 18.Qxc6 bxc6 19.g5 d5 20.Re1 c4 21.Bd2 Bc5+ 22.Kf1 Bd4
23.Bc3 Bxc3 24.bxc3 Kf8 25.Rab1 Reb8 26.a4 Rb6 27.a5 Rbb8 28.Kf2 a6 29.f6 gxf6
30.gxf6  1/2-1/2

[Event "Essent Open"]
[Site "Hoogeveen NED"]
[Date "2001.10.19"]
[Round "8"]
[White "Cako,L"]
[Black "Ellenbroek,T"]
[Result "1-0"]
[WhiteElo "2131"]
[BlackElo "2117"]

1.e4 d6 2.d4 Nf6 3.Nc3 e5 4.Nf3 Nbd7 5.Bc4 Be7 6.O-O O-O 7.Re1 c6 8.a4 b6
9.Bg5 a6 10.Qd2 h6 11.Bh4 Nh5 12.Bxe7 Qxe7 13.Rad1 b5 14.axb5 axb5 15.Bf1 b4
16.Ne2 c5 17.dxc5 dxc5 18.Nc1 Re8 19.Bb5 Nhf6 20.Nh4 Ba6 21.Nf5 Qf8 22.Qe2 Bxb5
23.Qxb5 Reb8 24.Qd3 g6 25.Nd6 Rd8 26.Qe3 Ra1 27.Nc4 Rda8 28.h3 Kg7 29.Nd3 Rxd1
30.Rxd1 Qe7 31.Qe1 Qe6 32.b3 Ra2 33.Ndb2 Qa6 34.Kh2 Qa8 35.f3 Qb8 36.Rd2 Nb6
37.Nxb6 Qxb6 38.Na4 Qc6 39.Qb1 Ra3 40.Qb2 Qc7 41.c4 h5 42.Rd3 Nd7 43.Rd5 f6
44.Qd2 Nb6 45.Nxb6 Qxb6 46.Rd7+  1-0

[Event "Essent Open"]
[Site "Hoogeveen NED"]
[Date "2001.10.19"]
[Round "8"]
[White "De Mie,M"]
[Black "Roberts,P"]
[Result "0-1"]
[WhiteElo "2161"]
[BlackElo "2155"]

1.e4 d6 2.d4 Nf6 3.Nc3 e5 4.f4 Bg4 5.Be2 exd4 6.Qxd4 Nc6 7.Qd3 Bxe2 8.Ngxe2 Qd7
9.O-O O-O-O 10.Nd5 Nxd5 11.exd5 Ne7 12.f5 c5 13.c4 Kb8 14.b4 Nc8 15.Rb1 Be7
16.Be3 Nb6 17.Nc3 Na4 18.Nb5 a6 19.Nc3 Nxc3 20.Qxc3 Bf6 21.Qa3 Bd4 22.Bxd4 cxd4
23.b5 Ka7 24.Rf3 Rb8 25.Qb2 Qc8 26.Rb3 Qxc4 27.bxa6 b5 28.Rc1 Qxd5 29.Rc7+ Kb6
30.Qc1 Rhe8 31.Rb2 Qe4 32.Rbc2 Qe3+ 33.Qxe3 dxe3 34.R7c6+ Ka5 35.Rxd6 e2
36.Rxe2 Rxe2 37.Rd7 Kxa6 38.Rxf7 Rb7  0-1

[Event "TCh-FIN 2001-02"]
[Site "FIN"]
[Date "2001.10.20"]
[Round "2"]
[White "Pulkkinen,K"]
[Black "Puranen,J"]
[Result "0-1"]
[WhiteElo "2317"]
[BlackElo "2313"]

1.e4 d6 2.d4 Nf6 3.Nc3 c6 4.Nf3 Bg4 5.h3 Bh5 6.Be2 Nbd7 7.O-O e5 8.Be3 Be7
9.d5 O-O 10.Nd2 Bxe2 11.Qxe2 cxd5 12.exd5 a6 13.a4 Rc8 14.Nc4 Ne8 15.a5 Qc7
16.Ra4 f5 17.f4 g6 18.Kh1 Nef6 19.g4 Nc5 20.Bxc5 Qxc5 21.Nb6 Rce8 22.gxf5 Bd8
23.fxg6 Bxb6 24.axb6 exf4 25.gxh7+ Kh8 26.Qf2 Re3 27.Rxf4 Rxh3+ 28.Kg2 Qc8
29.Ne4 Rxh7 30.Rh4 Rg8+ 31.Ng3 Nh5 32.Qd4+ Rgg7 33.Rf7 Qxc2+ 34.Kh3 Kg8 35.Rxg7+ Nxg7
36.Rxh7 Qxh7+ 37.Kg2 Qc2+ 38.Kh3 Qb3 39.Kg4 Qxg3+  0-1

[Event "Essent Open"]
[Site "Hoogeveen NED"]
[Date "2001.10.20"]
[Round "9"]
[White "Roberts,P"]
[Black "Klinova,M"]
[Result "0-1"]
[WhiteElo "2155"]
[BlackElo "2407"]

1.e4 d6 2.d4 Nf6 3.Nc3 c6 4.a4 Nbd7 5.Nf3 e5 6.Bc4 Be7 7.O-O O-O 8.Re1 h6
9.b3 Re8 10.Bb2 Bf8 11.h3 b6 12.Qd2 a6 13.Rad1 b5 14.Bd3 Bb7 15.dxe5 dxe5
16.Ne2 Qb6 17.Bc3 c5 18.Ng3 c4 19.Ba5 Qc5 20.b4 Qc6 21.axb5 axb5 22.Bf1 g6
23.Qc3 Ra6 24.Nd2 Qc8 25.Qe3 Nc5 26.f4 exf4 27.Qxf4 Bg7 28.c3 Na4 29.Rc1 Rae6
30.Be2 Qa8 31.Nxc4 bxc4 32.Bxc4 R6e7 33.Bb3 Nc5 34.Bc2 Ncxe4 35.Bxe4 Nxe4  0-1

[Event "Essent Open"]
[Site "Hoogeveen NED"]
[Date "2001.10.20"]
[Round "9"]
[White "Van der Wiel,J"]
[Black "Wuts,F"]
[Result "1-0"]
[WhiteElo "2495"]
[BlackElo "2297"]

1.e4 d6 2.d4 Nf6 3.Nc3 c6 4.f4 Qa5 5.Bd3 e5 6.Nf3 Bg4 7.dxe5 dxe5 8.fxe5 Bxf3
9.Qxf3 Bb4 10.O-O Qxe5 11.Bf4 Qh5 12.Qg3 O-O 13.Bxb8 Ng4 14.Bf4 Bc5+ 15.Kh1 g5
16.Be2  1-0

[Event "5th Itau Cup"]
[Site "Sao Paulo BRA"]
[Date "2001.10.21"]
[Round "9"]
[White "Zapata,A"]
[Black "Hoffman,A"]
[Result "1/2-1/2"]
[WhiteElo "2530"]
[BlackElo "2506"]

1.e4 d6 2.d4 Nf6 3.Nc3 e5 4.Nf3 Nbd7 5.Bc4 Be7 6.O-O O-O 7.Re1 c6 8.a4 b6
9.d5 cxd5 10.Nxd5 Nxd5 11.Bxd5 Rb8 12.a5 b5 13.Be3 Qc7 14.Nd2 Nf6 15.Bb3 h6
16.c3 Bd7 17.Qf3 Kh8 18.h3 Be6 19.g4 Rbd8 20.g5 hxg5 21.Bxg5 Nh7 22.Bxe7 Qxe7
23.Qh5 g6 24.Qh6 Qg5+ 25.Qxg5 Nxg5 26.Re3 Kg7  1/2-1/2

[Event "WYB18"]
[Site "Oropesa del Mar ESP"]
[Date "2001.10.22"]
[Round "2"]
[White "Wirig,A"]
[Black "Kanep,M"]
[Result "0-1"]
[WhiteElo "2273"]
[BlackElo "2307"]

1.d4 d6 2.e4 Nf6 3.Nc3 c6 4.f4 Qa5 5.Bd3 e5 6.Nf3 Nbd7 7.O-O Be7 8.Kh1 O-O
9.Qe1 exd4 10.Nxd4 Nc5 11.Nb3 Nxd3 12.cxd3 Qc7 13.Be3 b6 14.d4 Ba6 15.Rf3 Rae8
16.Bg1 Bb7 17.Nd2 Bd8 18.Qf1 Qb8 19.h3 b5 20.e5 Nd7 21.Nce4 Bc7 22.b4 f6
23.exd6 Bxd6 24.Nc5 Nxc5 25.dxc5 Bc7 26.a3 f5 27.Bd4 Qd8 28.Bc3 Bc8 29.Re1 Be6
30.Rfe3 Bd5 31.Be5 Bxe5 32.Rxe5 Rxe5 33.Rxe5 a5 34.Nf3 axb4 35.axb4 Qa8 36.Rxd5 cxd5
37.Ne5 Qa3 38.Qd1 Rd8 39.c6 Qc3 40.Qb1 g6 41.Kh2 Ra8 42.Qd1 d4 43.Qf1 Qxb4
44.Qf3 Qc5 45.Qb3+ Kh8 46.Nf7+ Kg7 47.Ng5 Qc4 48.Qd1 d3 49.Qd2 Re8 50.Qb2+ Kh6
51.Qf2 Rh8 52.c7 b4 53.Nxh7 Kxh7 54.Qh4+ Kg7 55.Qe7+ Qf7 56.Qd8 Qe6 57.Qxd3 Rc8
58.Qd4+ Kf7 59.Qxb4 Rxc7  0-1

[Event "WYB16"]
[Site "Oropesa del Mar ESP"]
[Date "2001.10.22"]
[Round "2"]
[White "Buckley,Si"]
[Black "Llobel Cortell,E"]
[Result "1-0"]
[WhiteElo "2236"]
[BlackElo "2376"]

1.d4 d6 2.e4 Nf6 3.Nc3 c6 4.f4 Qa5 5.Bd2 Qb6 6.Bd3 Qxb2 7.Rb1 Qa3 8.Rb3 Qa5
9.Nf3 Nbd7 10.Qe2 e5 11.Bc4 Be7 12.dxe5 dxe5 13.Bxf7+ Kxf7 14.Ng5+ Ke8 15.Nd5 Nxd5
16.Bxa5 Nxf4 17.Qd1 Bxg5 18.g3 Ne6 19.O-O Bf6 20.Bb4 c5 21.Ba3 a5 22.Rd3 b5
23.Rd6 Ndf8 24.Qd5 Rb8 25.Rd1 Kf7 26.Bb2 Bb7 27.Rd7+ Nxd7 28.Qxd7+ Kg6  1-0

[Event "XVII Moratalaz Open"]
[Site "Madrid ESP"]
[Date "2001.10.24"]
[Round "6"]
[White "Gonzalez Somoza,O"]
[Black "Longa Yauca,J"]
[Result "1-0"]
[WhiteElo "2051"]
[BlackElo "2219"]

1.e4 d6 2.d4 Nf6 3.Nc3 c6 4.Nf3 g6 5.h3 Bg7 6.Bf4 Qa5 7.Qd2 b5 8.Bd3 b4 9.Ne2 O-O
10.O-O Qb6 11.c4 Re8 12.e5 dxe5 13.Nxe5 Nbd7 14.a3 bxa3 15.bxa3 c5 16.Rfb1 Qa6
17.Rb5 Nxe5 18.dxe5 Nd7 19.Rab1 Qc6 20.Qe3 Ba6 21.Be4 Qc8 22.Ra5 Bxc4 23.Bxa8 Qxa8
24.Nc3 Rc8 25.Na4 Qd5 26.Rxa7 Qc6 27.Rbb7 Be6 28.Nc3 c4 29.Qd4 Nc5 30.Rc7 Rxc7
31.Qd8+ Bf8 32.Rxc7  1-0

[Event "World Seniors"]
[Site "Arco ITA"]
[Date "2001.10.25"]
[Round "8"]
[White "Klovans,J"]
[Black "Shabanov,Y"]
[Result "1/2-1/2"]
[WhiteElo "2420"]
[BlackElo "2458"]

1.e4 d6 2.d4 Nf6 3.Nc3 e5 4.Nf3 Nbd7 5.Bc4 Be7 6.O-O O-O 7.Re1 c6 8.a4 a5
9.b3 exd4 10.Nxd4 Nc5 11.Bb2 Re8 12.Qf3 Bf8 13.h3 Re5 14.Re3 g6  1/2-1/2

[Event "Chigorin Mem Open"]
[Site "St Petersburg RUS"]
[Date "2001.10.26"]
[Round "1"]
[White "Dashko,A"]
[Black "Drozdova,D"]
[Result "1-0"]
[WhiteElo "2408"]
[BlackElo "2172"]

1.e4 d6 2.d4 Nf6 3.Nc3 Nbd7 4.f4 e5 5.Nf3 exd4 6.Qxd4 Be7 7.g4 O-O 8.g5 Ne8
9.Bd2 c6 10.O-O-O b5 11.h4 a5 12.h5 b4 13.Na4 c5 14.Qe3 Nb6 15.Nxb6 Qxb6
16.g6 Be6 17.f5 Bxa2 18.h6 Bf6 19.hxg7 Bxg7 20.Rxh7 fxg6 21.fxg6 Ra7 22.b3 d5
23.exd5 Qf6 24.Qe5 Qxg6 25.Rxg7+ Qxg7 26.Bh3 Rxf3 27.Qxe8+ Qf8 28.Be6+ Kh8
29.Rh1+ Rh7 30.Rxh7+ Kxh7 31.Qh5+  1-0

[Event "Chigorin Mem Open"]
[Site "St Petersburg RUS"]
[Date "2001.10.27"]
[Round "2"]
[White "Khruschiov,A"]
[Black "Voinov,A"]
[Result "1-0"]
[WhiteElo "2402"]
[BlackElo "2239"]

1.e4 d6 2.d4 Nf6 3.Nc3 e5 4.Nf3 Nbd7 5.Bc4 Be7 6.O-O O-O 7.Re1 c6 8.a4 Qc7
9.Ba2 Re8 10.h3 Nf8 11.Be3 Be6 12.d5 Bd7 13.Ng5 cxd5 14.exd5 h6 15.Nf3 Bf5
16.Nd2 Ng6 17.Nc4 Nh7 18.Nb5 Qb8 19.Bb1 Bd7 20.Ra3 Rf8 21.Bd2 f5 22.Bb4 Rf6
23.Ba2 Kh8 24.h4 Bf8 25.g3 f4 26.h5 Bxb5 27.axb5 fxg3 28.fxg3 Ne7 29.Ne3 Ng5
30.Rf1 Ng8 31.c4 Be7 32.Bb1 Bd8 33.Kg2 a5 34.Bd2 Qc8 35.Bf5 Qc7 36.b4 b6
37.Qg4 Qf7 38.Raa1 a4 39.Ra3 Ne7 40.Bc2 Rxf1 41.Nxf1 Ng8 42.Rxa4 Rxa4 43.Bxa4 Qa7
44.Bc2 Qa2 45.Qf5 e4 46.Bxe4 Nxe4 47.Qxe4 Bg5 48.Qe2 Nf6 49.Kf2 Bxd2 50.Nxd2 Ng4+
51.Kf1 Ne5 52.Ne4 Qb1+ 53.Qe1 Qd3+ 54.Qe2 Qb1+ 55.Kg2 Qxb4 56.c5 dxc5 57.Nd6 Ng4
58.Nf5 Nf6 59.d6 Qb3 60.Ne7 Qf7 61.g4 c4 62.Qf3 Qe8 63.Qc6 Qd8 64.Nf5 c3
65.Qc7 Qa8+ 66.Kg3 Qg8 67.d7 Nxd7 68.Qxd7 c2 69.Qc7 Qb3+ 70.Kh4 Qb2 71.Ne7 Qf6+
72.Kg3 Qxe7 73.Qxe7 c1=Q 74.Qe8+ Kh7 75.Qg6+ Kh8 76.Qxb6 Qe1+ 77.Kf3 Qf1+
78.Ke4 Qe2+ 79.Kd5 Qxg4 80.Qg6 Qf3+ 81.Kc5 Qe3+ 82.Kc6 Qf3+ 83.Kc7 Qf4+ 84.Kb7 Qf3+
85.Ka7 Qa3+ 86.Qa6 Qc5+ 87.b6 Qxh5 88.Qc8+ Kh7 89.Qc2+ Kh8 90.b7 Qa5+ 91.Kb8 Qe5+
92.Qc7 Qb5 93.Kc8 Qf5+ 94.Qd7 Qc5+ 95.Kd8 Qb6+ 96.Qc7 Qd4+ 97.Ke7 Qe4+ 98.Kd6 Qd4+
99.Ke7 Qe4+ 100.Kf8 Qf5+ 101.Qf7  1-0

[Event "Chigorin Mem Open"]
[Site "St Petersburg RUS"]
[Date "2001.10.27"]
[Round "2"]
[White "Melnikova,Y"]
[Black "Krapivin,V"]
[Result "0-1"]
[WhiteElo "2167"]
[BlackElo "2318"]

1.e4 d6 2.d4 Nf6 3.Nc3 e5 4.Nge2 Be7 5.f3 O-O 6.Be3 Nbd7 7.g4 Nb6 8.Ng3 exd4
9.Qxd4 c5 10.Qd2 d5 11.g5 d4 12.gxf6 Bxf6 13.Nd1 dxe3 14.Qxe3 Bd4 15.Qf4 f5
16.exf5 Nd5 17.Bc4 Kh8 18.Bxd5 Qxd5 19.c3 Bxf5 20.cxd4 Rae8+ 21.Ne3 cxd4
22.O-O dxe3 23.Nxf5 Rxf5 24.Qa4 b5 25.Qb3 e2 26.Rfe1 Qd4+ 27.Kh1 Qf2 28.Qd3 Rg5
29.Rg1 Rxg1+ 30.Rxg1 e1=Q  0-1

[Event "Frauen Bundesliga 2001-2"]
[Site "GER"]
[Date "2001.10.28"]
[Round "2"]
[White "Sonnenberger,K"]
[Black "Limbach,R"]
[Result "1/2-1/2"]
[WhiteElo "2042"]
[BlackElo "2140"]

1.e4 d6 2.d4 Nf6 3.Nc3 e5 4.dxe5 dxe5 5.Qxd8+ Kxd8 6.Bg5 c6 7.O-O-O+ Kc7
8.Bc4 Be6 9.Bxe6 fxe6 10.Nge2 Bc5 11.f3 h6 12.Bh4 g5 13.Bg3 Nbd7 14.Kb1 Nh5
15.Nc1 Nf4  1/2-1/2

[Event "Chigorin Mem Open"]
[Site "St Petersburg RUS"]
[Date "2001.10.28"]
[Round "3"]
[White "Tsigelnitskiy,I"]
[Black "Drozdova,D"]
[Result "0-1"]
[WhiteElo "2314"]
[BlackElo "2172"]

1.e4 d6 2.d4 Nf6 3.Nc3 Nbd7 4.f4 e5 5.Nf3 exd4 6.Qxd4 Be7 7.e5 dxe5 8.fxe5 Bc5
9.Qh4 Qe7 10.Bf4 Bb4 11.Bd2 Nxe5 12.O-O-O Ng6 13.Qg5 h6 14.Qg3 Bxc3 15.Bxc3 Ne4
16.Qe1 Nxc3 17.Qxc3 O-O 18.Bc4 c6 19.h3 Qc7 20.Kb1 a6 21.g4 Rb8 22.g5 h5
23.Nd4 c5 24.Nb3 b5 25.Bd5 c4 26.Nd4 Bb7 27.Bxb7 Rxb7 28.Qf3 h4 29.Nf5 Rbb8
30.Qg4 c3 31.Rd6 Qc4 32.Rxa6 cxb2 33.Kxb2 Rfe8 34.Qxc4 bxc4+ 35.Kc3 Re5 36.Rf1 Ne7
37.Nxe7+ Rxe7 38.Rf4 Re3+ 39.Kxc4 Rxh3 40.Ra7 Rc8+ 41.Kd5 Rg3 42.Rfa4 Rxg5+
43.Kd6 Rgc5 44.Rf4 f5 45.c4 g5 46.Rf1 f4 47.Re1 R8c6+ 48.Kd7 Kf7 49.a4 f3
50.a5 g4 51.Rf1 Rf6 52.a6 g3 53.Rc7 Ra5 54.Kd8+ Kg6 55.Rg1 g2 56.a7 Rf8+
57.Kd7 Rf7+ 58.Kc8 Rxc7+ 59.Kxc7 Rxa7+ 60.Kb6 Rf7 61.c5 Kf5  0-1

[Event "Chigorin Mem Open"]
[Site "St Petersburg RUS"]
[Date "2001.10.29"]
[Round "4"]
[White "Kravtsov,S"]
[Black "Voinov,A"]
[Result "1/2-1/2"]
[WhiteElo "2422"]
[BlackElo "2239"]

1.e4 d6 2.d4 Nf6 3.Nc3 e5 4.dxe5 dxe5 5.Qxd8+ Kxd8 6.Bg5 Be6 7.O-O-O+ Nd7
8.Nf3 h6 9.Bh4 Bd6 10.Bb5 g5 11.Bg3 Ke7 12.Bxd7 Nxd7 13.Nd2 c6 14.f3 Bb4
15.Ndb1 Bc5 16.b3 b5 17.Rhf1 b4 18.Na4 Be3+ 19.Nd2 c5 20.Bf2 Bd4 21.Bxd4 cxd4
22.Kb2 Rhc8 23.Rf2 Nc5 24.Nxc5 Rxc5 25.Nf1 a5 26.Ng3 Kf6 27.Ne2 a4 28.Nc1 Rb5
29.Nd3 Ke7 30.g3 f5 31.Re1 f4  1/2-1/2

[Event "TCh-AUT 2001-2"]
[Site "Moerbisch AUT"]
[Date "2001.11.03"]
[Round "4"]
[White "Blaas,H"]
[Black "Mahdi,K"]
[Result "1/2-1/2"]
[WhiteElo "2216"]
[BlackElo "2352"]

1.e4 d6 2.d4 Nf6 3.Nc3 c6 4.Be2 Nbd7 5.f4 Qa5 6.Bd2 e5 7.Nf3 Qb6 8.Na4 Qc7
9.Nc3 Qb6 10.Na4 Qc7 11.Nc3  1/2-1/2

[Event "FSIM November"]
[Site "Budapest HUN"]
[Date "2001.11.04"]
[Round "2"]
[White "Rajlich,V"]
[Black "Mensch,E"]
[Result "0-1"]
[WhiteElo "2257"]
[BlackElo "2299"]

1.e4 d6 2.d4 Nf6 3.Nc3 e5 4.dxe5 dxe5 5.Qxd8+ Kxd8 6.Bc4 Ke8 7.Nf3 Bd6 8.O-O a6
9.a4 Nbd7 10.Ne1 Nc5 11.f3 Be6 12.Bxe6 Nxe6 13.Be3 Bc5 14.Bxc5 Nxc5 15.Rd1 Rd8
16.Rxd8+ Kxd8 17.b4 Ne6 18.Nd3 Nd7 19.Rd1 Kc8 20.Nd5 Re8 21.Kf2 f6 22.Nb2 Nf4
23.Nxf4 exf4 24.Nd3 g5 25.h4 Ne5 26.Nxe5 Rxe5 27.hxg5 fxg5 28.Rh1 Re6 29.c4 Rc6
30.c5 a5 31.b5 Rxc5 32.Rxh7 Rc2+ 33.Ke1 Rc1+ 34.Ke2 Rc2+ 35.Kd3 Rxg2 36.e5 g4
37.e6 Kd8 38.Rd7+ Kc8 39.Rg7 gxf3 40.Rf7 Kd8 41.Rd7+ Ke8 42.Rxc7 Ra2 43.Rc4 Ra3+
44.Kd2 f2 45.Ke2 Ra2+ 46.Kf1 Ke7 47.Rxf4 Kxe6 48.Rh4 Kd6 49.Rh6+ Kc5 50.Rh5+ Kb4
51.Rh4+ Kb3 52.b6 Rxa4 53.Rh7 Rb4 54.Rxb7 a4 55.Rf7 a3 56.Rf3+ Ka4 57.Rxf2 Rxb6
58.Rd2  0-1

[Event "EuTChw"]
[Site "Leon ESP"]
[Date "2001.11.08"]
[Round "3"]
[White "Velcheva,M"]
[Black "Ionescu Brandis,I"]
[Result "1/2-1/2"]
[WhiteElo "2331"]
[BlackElo "2338"]

1.e4 d6 2.d4 Nf6 3.Nc3 e5 4.Nf3 Nbd7 5.Bc4 Be7 6.O-O O-O 7.Re1 c6 8.a4 h6
9.Ba2 Re8 10.h3 a5 11.Be3 Qc7 12.dxe5 dxe5 13.Nh4 Nf8 14.Qf3 Be6 15.Bxe6 Nxe6
16.Nf5 Ng5 17.Qg3 Nh5 18.Qg4 Nf6 19.Qg3 Nh5 20.Qg4 Nf6 21.Nxe7+ Rxe7 22.Qh4 Nfh7
23.Rad1 Rd8 24.Rxd8+ Qxd8 25.Rd1 Rd7 26.Qg4 Rxd1+ 27.Qxd1 Qe7 28.Qd2 Ne6
29.Ne2 Qc7 30.Ng3 Nf6 31.f3 h5 32.b3 g6 33.h4 Nd7 34.Ne2 Kg7 35.g3 Ndf8 36.Kg2 Nd7
37.Kf2 Ndf8 38.f4 Nd7 39.f5 Nec5 40.Nc3 b6 41.Kg2 Kh7 42.Bf2 Qb8 43.Be3 Qf8
44.Qe2 Qd6 45.g4 hxg4 46.Qxg4 Nf6 47.fxg6+ fxg6 48.Qf3  1/2-1/2

[Event "EuTChw"]
[Site "Leon ESP"]
[Date "2001.11.10"]
[Round "5"]
[White "Ingolfsdottir,H"]
[Black "Agrest,S"]
[Result "0-1"]
[WhiteElo "2005"]
[BlackElo "2205"]

1.e4 d6 2.d4 Nf6 3.Nc3 e5 4.Nf3 Nbd7 5.Bc4 Be7 6.O-O O-O 7.Re1 c6 8.a4 h6
9.h3 Re8 10.b3 Bf8 11.Ba3 exd4 12.Qxd4 Nb6 13.Nd2 Nxc4 14.Nxc4 c5 15.Qd2 b6
16.Rad1 Bb7 17.f3 Re6 18.e5 d5 19.exf6 dxc4 20.Rxe6 Qxd2 21.Rxd2 fxe6 22.f7+ Kh7
23.Rd7 Bc6 24.Rc7 Bd5 25.Nxd5 exd5 26.bxc4 dxc4 27.a5 bxa5 28.Rxc5 Kg6 29.Rxa5 Bxa3
30.Rxa3 Kxf7 31.Ra4 a5 32.Kf2 Ke6 33.Ke2 Kd5 34.Kd2 Kd4 35.g3 Ra6 36.h4 Ra8
37.g4 g5 38.hxg5 hxg5 39.Kc1 Kc3 40.Ra3+ Kb4 41.Kb2 Re8 42.Rc3 a4 43.f4 gxf4
44.Rf3 Re4 45.g5 Re5 46.g6 Rg5 47.Rxf4 a3+ 48.Ka2 Rg2 49.g7 Rxc2+ 50.Kb1 Rb2+
51.Ka1 Rg2 52.Rf2 Rxg7 53.Ka2 Rg5 54.Rh2 Rd5 55.Re2 Kc3 56.Re3+ Rd3 57.Re4 Rd4
58.Re3+ Kb4 59.Re2 c3 60.Re1 Rd2+ 61.Ka1 Kb3  0-1

[Event "EuTCh"]
[Site "Leon ESP"]
[Date "2001.11.11"]
[Round "6"]
[White "Bryson,D"]
[Black "Mitkov,N"]
[Result "1/2-1/2"]
[WhiteElo "2384"]
[BlackElo "2514"]

1.e4 d6 2.d4 Nf6 3.Nc3 e5 4.Nf3 Nbd7 5.Bc4 Be7 6.O-O O-O 7.Re1 c6 8.a4 a5
9.b3 exd4 10.Qxd4 Ng4 11.Ba3 Bf6 12.Qd2 Nde5 13.Be2 Qb6 14.Rf1 Rd8 15.Rad1 Nxf3+
16.Bxf3 Be6 17.h3 Ne5 18.Be2 d5 19.exd5 cxd5 20.Kh1 Rac8 21.Nb5 Ng6 22.Bd3 Nh4
23.Rfe1 h6 24.Qf4 d4 25.Nd6 Qc7 26.Qg3 Bd5 27.Nxc8 Qxc8 28.f3 Be6 29.Rd2 Qd7
30.Rde2 g5 31.Bc1 Kg7 32.Bf4 Ng6 33.Bc7 Rc8 34.Bxg6 Kxg6 35.Be5 Rc5 36.Re4  1/2-1/2

[Event "EuTCh"]
[Site "Leon ESP"]
[Date "2001.11.13"]
[Round "7"]
[White "Hector,J"]
[Black "Bauer,Ch"]
[Result "0-1"]
[WhiteElo "2528"]
[BlackElo "2585"]

1.e4 d6 2.d4 Nf6 3.Nc3 Nbd7 4.g4 h6 5.Be3 e5 6.h3 c6 7.Nge2 b5 8.Bg2 Bb7
9.a3 a5 10.d5 b4 11.dxc6 Bxc6 12.Nd5 Qb8 13.Qd2 bxa3 14.bxa3 Bxd5 15.exd5 Be7
16.O-O O-O 17.Ng3 Rc8 18.Bxh6 gxh6 19.Qxh6 Rc4 20.Nf5 Bf8 21.Qg5+ Kh8 22.Rfb1 Qa7
23.Rb5 Rb8 24.Bf1 Rf4 25.Rxb8 Qxb8 26.Bd3 Nh7 27.Qh4 e4 28.Be2 Qb2 29.Re1 Ne5
30.Rd1 Qxc2 31.Nd4 Qb2 32.Qg3 Ng6 33.Qe3 Bh6 34.Kf1 Bg5 35.Nb5 Bh4 36.Qd4+ Qxd4
37.Nxd4 Rxf2+ 38.Kg1 Ng5 39.Bf1 Nf4 40.Kh1 Bg3  0-1

[Event "EuTCh"]
[Site "Leon ESP"]
[Date "2001.11.13"]
[Round "7"]
[White "Ivanisevic,I"]
[Black "Jacimovic,D"]
[Result "1/2-1/2"]
[WhiteElo "2547"]
[BlackElo "2486"]

1.d4 d6 2.e4 Nf6 3.Nc3 e5 4.Nf3 exd4 5.Nxd4 Be7 6.Bf4 O-O 7.Qd2 Nc6 8.O-O-O Nxd4
9.Qxd4 Be6 10.Kb1 Ng4 11.Qd2 Bf6 12.Bg3 Be5 13.f4 Bxc3 14.Qxc3 f5 15.Bd3 Qc8
16.Rhe1 fxe4 17.Bxe4 Nf6 18.Bf3 d5 19.f5 Bxf5 20.Rxd5 Bg4 21.Rde5 Bxf3 22.Qxf3 c6
23.Qb3+ Nd5 24.Re7 Rf7 25.Rxf7 Kxf7 26.Qf3+ Kg8 27.c4 Nf6 28.Bh4 Qf8 29.Bxf6 gxf6
30.Re6 Re8 31.Qg4+ Kh8 32.Qe4 Rxe6 33.Qxe6 Qd8 34.Kc2 Kg7 35.Qg4+ Kf7 36.Qh4 Kg7
37.Qg4+ Kf7 38.Qh5+ Kg7 39.Qc5 a6 40.Kc3 Qc7 41.g3 Kg6 42.b4 h5 43.Qe3 Kf5
44.Qf3+ Kg5 45.Qe4 Qd6 46.Qe8 Qd1 47.Qg8+ Kh6 48.Qh8+ Kg6 49.Qe8+ Kg5 50.Qg8+ Kh6
51.Qh8+ Kg6 52.Qe8+  1/2-1/2

[Event "ch-NR"]
[Site "Novosibirsk RUS"]
[Date "2001.11.13"]
[Round "1"]
[White "Okladnikov,G"]
[Black "Yudin,S"]
[Result "1/2-1/2"]
[WhiteElo "2208"]
[BlackElo "2337"]

1.e4 d6 2.d4 Nf6 3.Nc3 e5 4.dxe5 dxe5 5.Qxd8+ Kxd8 6.Bc4 Be6 7.Bxe6 fxe6
8.Bg5 Bb4 9.Ne2 Nc6 10.O-O-O+ Ke7 11.f3 h6 12.Be3 Ne8 13.a3 Ba5 14.f4 Rf8
15.Rhf1 Bxc3 16.Nxc3 exf4 17.Bc5+ Nd6 18.Nb5 Rad8 19.e5 Nxe5 20.Nxc7 b6 21.Bb4 a5
22.Rfe1 Rf5 23.Bc3 Ndc4 24.Rxd8 Kxd8 25.Nxe6+ Kd7 26.Bxe5 Nxe5 27.Nxf4 Ng4
28.Rd1+ Kc6 29.Ne6 Rf2 30.Rd2 Rf1+ 31.Rd1 Rf2 32.Rd2  1/2-1/2

[Event "FSIM November"]
[Site "Budapest HUN"]
[Date "2001.11.15"]
[Round "13"]
[White "Tian Tian"]
[Black "Mensch,E"]
[Result "0-1"]
[WhiteElo "2355"]
[BlackElo "2299"]

1.e4 d6 2.d4 Nf6 3.Nc3 e5 4.Nf3 Nbd7 5.Bc4 Be7 6.O-O O-O 7.Re1 c6 8.a4 b6
9.d5 c5 10.Nd2 a6 11.Nf1 Ne8 12.Ng3 g6 13.Bh6 Ng7 14.f4 exf4 15.Bxf4 Ne8
16.e5 Nxe5 17.Bxe5 dxe5 18.Rxe5 Nd6 19.Rxe7 Qxe7 20.Be2 Qe3+ 21.Kh1 Bd7 22.Bf3 Rfe8
23.Nce2 Re5 24.b3 Rae8 25.c4 h5 26.Ra2 h4 27.Nf1 Qg5 28.Qd3 Bg4 29.Ng1 Bf5
30.Qc3 Re1 31.Ra1 Rxa1 32.Qxa1 Bd3 33.Qd1 Bxf1 34.Qxf1 Qd2 35.Be2 Nf5 36.Bg4 Re1  0-1

[Event "VII Sreiber Mem"]
[Site "Subotica YUG"]
[Date "2001.11.16"]
[Round "11"]
[White "Popovic,Du"]
[Black "Markus,R"]
[Result "1/2-1/2"]
[WhiteElo "2372"]
[BlackElo "2450"]

1.e4 d6 2.d4 Nf6 3.Nc3 e5 4.Nf3 Nbd7 5.Bc4 Be7 6.O-O O-O 7.Re1 c6 8.Bg5 b5
9.Bb3 a6 10.a4 Rb8 11.Qe2 Qc7 12.Rad1 Re8 13.axb5  1/2-1/2